Tungustic Languages of the Soviet Union - Statistics

General Stats
  • This quiz has been taken 19 times
  • The average score is 3 of 9
Answer Stats
Hint Answer % Correct
Tungustic - Northern - Ewenic Even
82%
Tungustic - Northern - Ewenic Evenki
76%
Tungustic - Southern - Nanaic Nanai
65%
Tungustic - Northern - Ewenic Kili
24%
Tungustic - Northern - Udegheic Oroch
24%
Tungustic - Southern - Nanaic Uilta
24%
Tungustic - Southern - Nanaic Ulch
24%
Tungustic - Northern - Udegheic Udege
12%
Tungustic - Northern - Ewenic Negidal
6%
No matching quizzes found
Score Distribution
Percent of People with Each Score
Percentile by Number Answered
Your Score History
You have not taken this quiz